| 000 | 00635nam a22001937a 4500 | ||
|---|---|---|---|
| 999 |
_c173426 _d173426 |
||
| 005 | 20200224170908.0 | ||
| 010 | _aENG-127942 | ||
| 020 |
_a9789386806307 _c1499.00 |
||
| 035 | _aEN-111474 | ||
| 037 | _bDBAD/PUB | ||
| 082 | _a338.4791 | ||
| 100 | _aSharma,Ravi | ||
| 245 |
_aGeography and Tourism Marketing/ _cby Ravi Sharma |
||
| 260 |
_aNew Delhi _bIshwar Books _c2019 |
||
| 270 |
_aB-29,Arya Nagar CGHS Ltd, Plot.No. 91, I.P Extension, Patparganj _bNew Delhi _e110092 _mishwarbooks@gmail.com |
||
| 300 |
_avii;288p. _c24cm(hb) |
||
| 500 | _aIncludes Bibliography and Index | ||
| 942 |
_2ddc _cEN _h338.4791 _mSHA |
||